000 00409nam a2200169Ia 4500
001 29763
003 IN-NITTTR
005 20251114233404.0
008 251113s9999||||xx |||||||||||||| ||eng||
040 _beng
040 _cIN-NITTTR
041 _aeng
082 _a615.9253 H34
245 0 _aHeavy metals in the environment /
_cSarkar, Bibudhendra, ed.
700 _aSarkar, Bibudhendra
942 _2ddc
_cBK
999 _c32391
_d32391